Score 0/20 Timer 05:00
1 Play Today
Mega-Title Actor % Correct
The Green Bachelor Demons Got Extremely Terminal Red GumpTom Hanks
98.7%
Regarding the Frantic Fugitive Mosquito from the Kingdom of IndianaHarrison Ford
94.1%
Sleepy Wonderland Pirates Happily Finding Chocolate Rum in Las VegasJohnny Depp
91.9%
Crazy Drunk Madison Singer Dates Big Larry LittleAdam Sandler
88.9%
Jerry Vanilla Losin' It with a Few Risky Lambs on July Fourth IIITom Cruise
85.3%
Training the Debaters to Remember the Preacher's Crimson Pelican DressDenzel Washington
79.3%
The Untouchables of the Big Bull Swing in the Field of Wolves Kevin Costner
77.7%
The President's Midnight Tootsie Is Agatha StrawDustin Hoffman
75.2%
Eleven Goats Twelve Kings and Thirteen Descendants Who Art Thin and IntolerableGeorge Clooney
75.1%
The Ugly Dirty Loose High Pale Bad Cowboys Escape from the Misty MulesClint Eastwood
70.7%
Mega-Title Actor % Correct
Frankie Cruising the Sea of Venice for the Scent of Carlito's DogAl Pacino
68.7%
Slowly the Righteous Parents Analyze the Boy's Bullwinkle CapeRobert De Niro
68.3%
The Horrors of Plaid Scoundrels in Pink AutomobilesSteve Martin
68%
The Sting of the Hot Spy Is Indecent for the Butch CandidateRobert Redford
65.3%
The Lethal Singing Beaver Living Dangerously on the Tequilla RiverMel Gibson
64.9%
The Carnal Bucket and Easy Easy Studs of the Mars Witches Jack Nicholson
58.9%
Snake Wicker and Lieutenant Matchstick Trade Peggy Paradise for Fish TreasureNicolas Cage
58.2%
Wild Julius and the One-Eyed American Desire Désirée in the Waterfront TeahouseMarlon Brando
56.2%
Blandings Bringing Arsenic Northwest to Catch the Indiscreet MonkeyCary Grant
50.3%
The Gorky Children of Alice Broadcast the Kiss of the Altered SpiderWilliam Hurt
30.2%

You're not logged in!

Compare scores with friends on all Sporcle quizzes.
OR
Log In

Sporcle TV

Today on Sporcle TV


Watch our educational content, quiz creation guides, and fun videos on Sporcle TV.

Show Comments

Extras

Top Quizzes Today


Score Distribution

Paid Content

Your Account Isn't Verified!

In order to create a playlist on Sporcle, you need to verify the email address you used during registration. Go to your Sporcle Settings to finish the process.

Report this User

Report this user for behavior that violates our Community Guidelines.

Details: